<?xml version="1.0" encoding="UTF-8"?>
<record
    xmlns:xsi="http://www.w3.org/2001/XMLSchema-instance"
    xsi:schemaLocation="http://www.loc.gov/MARC21/slim http://www.loc.gov/standards/marcxml/schema/MARC21slim.xsd"
    xmlns="http://www.loc.gov/MARC21/slim">

  <leader>02479nam a2200289 a 4500</leader>
  <controlfield tag="001">BRCA_2506</controlfield>
  <controlfield tag="005">20190320203837.0</controlfield>
  <controlfield tag="008">251108s1859----sp-a---###---#000-0#spa-u</controlfield>
  <datafield tag="041" ind1=" " ind2=" ">
    <subfield code="a">spa</subfield>
  </datafield>
  <datafield tag="044" ind1=" " ind2=" ">
    <subfield code="a">sp</subfield>
  </datafield>
  <datafield tag="084" ind1=" " ind2=" ">
    <subfield code="a">146</subfield>
    <subfield code="b">.G673</subfield>
    <subfield code="c">1859</subfield>
  </datafield>
  <datafield tag="100" ind1="1" ind2=" ">
    <subfield code="a">Cervantes Saavedra, Miguel de</subfield>
    <subfield code="d">1547-1616</subfield>
    <subfield code="9">213</subfield>
  </datafield>
  <datafield tag="245" ind1="1" ind2="0">
    <subfield code="a">El Ingenioso Hidalgo Don Quijote de la Mancha</subfield>
    <subfield code="c">compuesto por Miguel de Cervantes Saavedra.</subfield>
  </datafield>
  <datafield tag="260" ind1=" " ind2=" ">
    <subfield code="a">Barcelona</subfield>
    <subfield code="b">Tom&#xE1;s Gorchs</subfield>
    <subfield code="c">1859</subfield>
  </datafield>
  <datafield tag="300" ind1=" " ind2=" ">
    <subfield code="a">2 v.</subfield>
    <subfield code="b">il.</subfield>
    <subfield code="c">45 cm.</subfield>
    <subfield code="e">1 mapa</subfield>
  </datafield>
  <datafield tag="500" ind1=" " ind2=" ">
    <subfield code="a">Contenido : v 1. Primera parte. Retrato de Cervantes por L. Madrazo. Dedicatoria del editor. Dedicatoria del autor. Pr&#xF3;logo del autor. Versos preliminares. Variantes. Texto. -- v 2. Segunda parte. Dedicatoria del autor. Pr&#xF3;logo del autor. Variantes. Texto</subfield>
  </datafield>
  <datafield tag="500" ind1=" " ind2=" ">
    <subfield code="a">Edici&#xF3;n : Dedicada a Cervantes</subfield>
  </datafield>
  <datafield tag="500" ind1=" " ind2=" ">
    <subfield code="a">Edici&#xF3;n monumental, que honra a las prensas catalanas, la m&#xE1;s suntuosa y de cuantas hasta entonces se hab&#xED;an publicado, impresa en magn&#xED;fico papel, anchas m&#xE1;rgenes y tipos hermosos y clar&#xED;smos, de gran valor tipogr&#xE1;fico. Las iniciales con que empiezan los cap&#xED;tulos son finos y art&#xED;sticos, grabados de Estebanillo y Moragas. Las 12 l&#xE1;minas, por el contrario, no aportan nada nuevo, sobre todo, si las comparamos con las de la edici&#xF3;n de la Academia de 1780. El retrato de Cervantes, dibujado por L. Madrazo, es el mejor que hab&#xED;a aparecido hasta aquel entonces. Podr&#xE1; objetarse que la indumentaria no corresponde a la posici&#xF3;n econ&#xF3;mica del autor, pero el busto y la expresi&#xF3;n se&#xF1;aladamente intelectual y bonach&#xF3;n de su rostro merecen un aplauso. Contiene una Carta geogr&#xE1;fica de los viajes de D. Quijote y 562 variantes. Tomando el editor por modelo la impresi&#xF3;n de Cuesta de 1605, la compar&#xF3; con las de 1608, 1668, 1780, 1797 (Pellicer), 1819 (Academia), y 1833 (Clemenc&#xED;n), respetando en los casos dudosos el texto primitivo, Gorchs sac&#xF3; un texto bastante correcto y depurado. Sin embargo, sigue, como las dem&#xE1;s ediciones de la &#xE9;poca, confundiendo la segunda edici&#xF3;n de Cuesta con la primera. Lindo ejemplar, encuadernado en semipiel L&#xFA;dovik Osterc</subfield>
  </datafield>
  <datafield tag="500" ind1=" " ind2=" ">
    <subfield code="a">QM130</subfield>
  </datafield>
  <datafield tag="650" ind1="1" ind2="4">
    <subfield code="a">Novela espa&#xF1;ola</subfield>
    <subfield code="y">&#xC9;poca cl&#xE1;sica, 1500-1700</subfield>
    <subfield code="9">215</subfield>
  </datafield>
  <datafield tag="650" ind1="1" ind2="4">
    <subfield code="a">Literatura espa&#xF1;ola</subfield>
    <subfield code="y">&#xC9;poca cl&#xE1;sica, 1500-1700</subfield>
    <subfield code="9">216</subfield>
  </datafield>
  <datafield tag="650" ind1="1" ind2="4">
    <subfield code="a">Novela espa&#xF1;ola</subfield>
    <subfield code="y">Siglo XVII</subfield>
    <subfield code="9">217</subfield>
  </datafield>
  <datafield tag="650" ind1="1" ind2="4">
    <subfield code="a">Don Quijote (Personaje ficticio)</subfield>
    <subfield code="e">Novela</subfield>
    <subfield code="9">218</subfield>
  </datafield>
  <datafield tag="740" ind1="0" ind2=" ">
    <subfield code="a">El Ingenioso Hidalgo Don Quijote de la Mancha</subfield>
  </datafield>
  <datafield tag="902" ind1=" " ind2=" ">
    <subfield code="a">QFM</subfield>
  </datafield>
  <datafield tag="942" ind1=" " ind2=" ">
    <subfield code="2">lcc</subfield>
    <subfield code="c">B</subfield>
  </datafield>
  <datafield tag="999" ind1=" " ind2=" ">
    <subfield code="c">2247</subfield>
    <subfield code="d">2247</subfield>
  </datafield>
  <datafield tag="952" ind1=" " ind2=" ">
    <subfield code="0">0</subfield>
    <subfield code="1">0</subfield>
    <subfield code="4">0</subfield>
    <subfield code="7">0</subfield>
    <subfield code="a">BRCA</subfield>
    <subfield code="b">BRCA</subfield>
    <subfield code="d">2008-11-25</subfield>
    <subfield code="i">QM130</subfield>
    <subfield code="l">0</subfield>
    <subfield code="o">146 .G673 1859 (QM130)</subfield>
    <subfield code="p">2503</subfield>
    <subfield code="r">2019-03-22 00:00:00</subfield>
    <subfield code="w">2019-03-22</subfield>
    <subfield code="y">B</subfield>
  </datafield>
</record>
